000 00585nam a2200253Ia 4500
003 OSt
005 20220912152001.0
006 a|||||r|||| 00| 0
007 ta
008 220909b |||||||| |||| 00| 0 eng d
024 _a62770
037 _cTextual
040 _aCSL
_beng
_cCSL
041 _aeng
082 _aB2893Q, K11;3
100 _aCox D R
245 0 _aQueues
260 _c1961
300 _ap.
_ccm.
650 _aQueues
700 _a Smith Walter L
942 _hB2893Q, K11;3
_cTEXL
_2CC
999 _c78591
_d78591